Top 10 U.S. Cities with the Most Hotel Rooms - Statistics

General Stats
  • This quiz has been taken 161 times
  • The average score is 9 of 10
Answer Stats
Hotel Rooms City % Correct
97,200 Los Angeles
97%
106,000 New York City
97%
108,700 Chicago
94%
169,100 Las Vegas
91%
78,200 Dallas
88%
74,700 Houston
86%
106,200 Washington D.C.
83%
119,800 Orlando
80%
93,900 Atlanta
73%
62,100 Phoenix
66%
No matching quizzes found
Score Distribution
Percent of People with Each Score
Percentile by Number Answered
Your Score History
You have not taken this quiz